=LDR 00000nam 2200000 4500 =001 INLIS000000000043389 =005 20131008103225 =008 ***********************************Ind** =035 ##$$0010-101300000001311 =041 ##$$a Ind =082 ##$$a 631.4 =090 ##$$a 631.4, Sud r =100 ##$$a Sudaro, Yani =245 ##$$a Ransum ayam dan itik, aneka pilihan ransum jadi, membuat ransum sendiri, penanganan ransum =260 ##$$a 1997 $b Jakarta =300 ##$$a viii, 76 hlm, ilus, 21 cm =650 ##$$a Ayam dan itik-Pemeliharaan =850 ##$$a NBPNMAT =990 ##$$a 38543854 =990 ##$$a 01201803854